000
00297nam a22001337a 4500
008
171103b xxu||||| |||| 00| 0 eng d
020
_a
9780471180333
041
_a
eng
080
_2
2ND
_a
339.138
100
_a
60
101
_a
MAR
245
_a
THE MARKETING PLAN
_c
COHEN,W.A
942
_2
udc
_c
BK
999
_c
37558
_d
37558